Регионална библиотека "Любен Каравелов" - Русе

Без теб (Запис номер 172985)

MARC детайли
000 -Лидер
Контролно поле с фиксирана дължина 01240nam a2200337 a 4500
003 - Код на организацията, давaща контролен номер
Контролно поле BLK
005 - Дата и час на последна редакция
Контролно поле 20250528172711.0
008 - Елементи от данни с фиксирана дължина
fixed length control field 180411b bul|||||r ||||||| ||bul||
010 ## - Наследен системен номер
LC control number KNG00181358000
020 ## - Международен стандартен номер на книга ISBN
Международен стандартен номер на книга ISBN 9786191641833
040 ## - Източник на каталожния запис
Идентификатор на билиотеката - собственик на записа BLK
041 ## - Код за език
Код за езика на текст/звукозапис или на отделно заглавие Български
Код за езика КДБФ Български
072 #7 - Код за тематичната категория
Код организация bullib
Код за тематична категория Н83
Текст Чужда художествена литература Н
080 ## - УДК
Текстов определител УДК Френска литература
УДК код - определител по УДК 821.133.1
УДК определител -31
УДК - код + определител 821.133.1-31
100 1# - Редна дума - Автор
Автор Бюси, Мишел
Авторска отговорност първи автор
R(LIN) 44863
139 ## - Редно поле
Редна дума Бюси, Мишел
Авторски знак Бюк - Б 98
245 10 - Сведения за заглавието
Заглавие Без теб
Подзаглавни данни Роман
Редно поле (дума) Мишел Бюси; прев. от фр. Силвия Колева.
257 ## - Страна на издаване
Страна на създаване/издаване Франция
260 ## - Област на издателските данни
Име на издателя, разпространителя и проч. Enthusiast
Година на издаване 2015
Печатница София : Алианс принт
Място на издаване, разпространение и проч. София
300 ## - Физическа характеристика
Страници 464 с.
Размери/Мащаб 21 см
380 ## - Жанр
Жанр Худож. лит.
500 ## - Общи забележки
Забележка Ориг. загл. Un avion sans elle / Michel Bussi.
700 1# - Други автори (авторска отговорност)
Лично име Колева, Силвия Николай
Автороска отговорност (Описва отношението между автора и произведението) прев. от фр.
9 (RLIN) 283986
852 ## - Местоположение
Форматна сигнатура Цб 276610
856 4# - Електронен адрес и достъп
Електронен формат pdf - файл
856 4# - Електронен адрес и достъп
Електронен формат pdf - файл
999 ## - СИСТЕМНИ КОНТРОЛНИ НОМЕРА
Koha biblionumber 172985
Koha biblioitemnumber 172985
942 ## - АРТИКУЛИ
Вид на библиотечния материал Книги
Скрит в OPAC Не
Koha issues (borrowed), all copies 42
Периодичен библиозапис Да
944 ## - СЪЗДАВАНЕ И РЕДАКЦИЯ на ЗАПИСА
Създаване/Редакция Създаване
Дата на регистрацията/редакция 09.09.2015
Статус, дата на статуса Мартин Енчев
Служител, извършил регистрацията/редакцията 30575
944 ## - СЪЗДАВАНЕ И РЕДАКЦИЯ на ЗАПИСА
Създаване/Редакция Редакция
Дата на регистрацията/редакция 18.04.2017
Статус, дата на статуса ф /
Служител, извършил регистрацията/редакцията Виолета_Тройчева
999 ## - СИСТЕМНИ КОНТРОЛНИ НОМЕРА
Koha biblioitemnumber 172985
Наличности
Код за отписване Код за изгубен артикул Източник на класификационната схема Код за повреда Коз за рестрикции Код за отдаване Артикулен № Име на библиотеката - собственик Име на библиотеката, в която се намира в момента Статус (Текущо местоположение) Дата на вписване в системата Местоположение - отдел Цена в лева Инвентарен номер Систематично азбучна сигнатура Баркод Номер на екземпляра Цена в евро Служебна бележка Служебен тип на артикула
Изтеглен Не е изгубен Universal Decimal Classification Не е повреден без рестрикции заемане за дома 295144 Регионална библиотека "Любен Каравелов" Русе Регионална библиотека "Любен Каравелов" Русе Заемна - подръчен фонд 2015-09-10 Заемна - подръчен фонд 12.48 120000792094 П 840-31/Б 98 120000792094 1 6.38 Дост: Pk Вид: Ф N: 534 Дата: 03.09.2015 Дата инв: 21.02.2018 Бележки инв: П2018 Книги
  Не е изгубен   Не е повреден без рестрикции ползва се в читалня 295145 Регионална библиотека "Любен Каравелов" Русе Регионална библиотека "Любен Каравелов" Русе Хранилище 2015-12-07 Хранилище 16.00 120000795314 Цб 276610 120000795314 2 8.18 Дост: Dp Вид: Д N: 45 Дата: 19.10.2015 Книги
  Не е изгубен Universal Decimal Classification Не е повреден без рестрикции заемане за дома 891765 Регионална библиотека "Любен Каравелов" Русе Регионална библиотека "Любен Каравелов" Русе Заемна - подръчен фонд 2022-06-24 Заемна - подръчен фонд 12.00   821-31/Б 98 М 120000872850   6.14   Книги
Vip Innovations Ltd, Rousse, Bulgaria 2025